00395nam a2200121Ia 4500008004100000041000800041082001600049100002100065245012200086260002900208300001900237999001700256241028s9999 xx 000 0 und d aeng a658.406 BIL aVan Biljon, Peet aInnovation For Value And Mission An Introduction To Innovation Management And Policy Innovation For Value And Mission bDe GruyteraBostonc2022 a335;. P. 24 cm c42832d42832